000 01056 a2200205 4500
001 36259
005 20260407155638.0
008 260407a1980 arg spa d
003 AR-UNSa-BCEJYS
040 _aAR-UNSa-BCEJYS
_bspa
_cAR-UNSa-BCEJYS
080 _a316.45
_xProcesos Grupales
245 1 0 _aToma de decisiones en grupo
_ptécnicas de conducción de juntas para la solución de problemas en las organizaciones
020 _a968-24-0803-2
264 1 _aMéxico :
_bTrillas
_c1980
300 _a243 p.
_c24 cm.
505 _a1. Mejoramiento de las decisiones dentro de una organización - 2. Conducción de conferencia - 3. Ubicación del problema - 4. Presentación del problema para su discusión en grupo - 5. Conducción de la discusión - 6. Obtención de la decisión - 7. Métodos de discusión para objetivos especiíficos - 8. Filtración de soluciones para el mejoramiento de la calidad - 9. Resumen de los pricipios de solución de problemas.
942 _cBK
590 _aniveau_biblio:m niveau_hierar:0
100 1 _aMaier, Norman R.F.
999 _c2626
_d2626